000
00187nam a2200085 4500
001
1257676
005
20260218093547.0
245
_a
MEHMET AKİF ERSOY
_c
ELİF AKARDAŞ
260
_b
ERDEM GENÇ
999
_c
1257676
_d
1257676